| 000 | 03373cam a2200529 a 4500 | ||
|---|---|---|---|
| 003 | data | ||
| 005 | 20260322212013.0 | ||
| 008 | data | ||
| 010 | _a2009050092 | ||
| 020 |
_a9780399254123 _q(hbk.) |
||
| 020 |
_a0399254129 _q(hbk.) |
||
| 020 | _a9780143205418 | ||
| 020 | _a0143205412 | ||
| 020 | _a9780142420591 | ||
| 020 | _a014242059X | ||
| 037 |
_bPenguin Group USA, Order Processing Dept 120 Woodbine st, Bergenfield, NJ, USA, 07621 _nSAN 201-3975 |
||
| 040 |
_aDLC _beng _cDLC _dDAY _dYDXCP _dCDC _dIK2 _dNTE _dVP@ _dWAU _dLKRBL _dOXF _dEHH _dBDX _dOCLCO _dOCLCF _dCZL _dOCLCO _dOCLCQ _dOCLCO _dSAA _dGBVCP _dOCLCO _dOCLCQ _dOCLCO _dOCL _dDGU _dOCLCO _dLTP _dTDS _dFEM _dOCL _dCHY _dNZPWA _dTXNES _dNZIPP _dSFR _dOCLCQ _dOCLCO _dPX9 _dTXSVP _dKJ6 _dIGA _dQT7 _dTXUPP _dOCLCQ _dOCLCO _dCCH _dO2C _dBRL _dDAY |
||
| 042 |
_apcc _apcc |
||
| 043 | _ae-li--- | ||
| 050 | 0 | 0 |
_aPZ7.S47957 _bBe 2011 |
| 050 | 0 | 4 |
_aPS3619.E685 _bB48 2011 |
| 082 | 0 | 0 |
_a[Fic] _222 |
| 082 | 0 | 4 |
_a813.6 _223 |
| 099 | _aSEPETR | ||
| 100 | 1 |
_aSepetys, Ruta, _eauthor. |
|
| 245 | 1 | 0 |
_aBetween shades of gray / _cRuta Sepetys. |
| 260 |
_aNew York : _bPhilomel Books, _c2011. |
||
| 300 |
_a344 pages : _bmaps ; _c22 cm. |
||
| 336 |
_atext _btxt _2rdacontent |
||
| 337 |
_aunmediated _bn _2rdamedia |
||
| 338 |
_avolume _bnc _2rdacarrier |
||
| 365 |
_a01 _b7.99 |
||
| 490 | 0 | _aTexas Lone Star Reading List, 2012-2013 | |
| 505 | 0 | _aLina is a fifteen-year-old Lithuanian girl. She paints, she draws, she gets crushes on boys. She's just like any other girl. Until one night in 1941, when Soviet officers barge into her home, tearing her family from the comfortable life they've known. Separated from her father, forced onto a crowded train car, Lina, her mother, and her young brother are taken slowly north to a Siberian work camp, where they are forced to dig for beets and fight for their lives under the harshest of conditions. Stalin has deported them and is claiming their home as his own. Suffering abuse both physical and emotional, Lina finds solace in her art, meticulously -- and at a great personal risk --documenting events by drawing. She imbeds clues in her art of their location and secretly passes them along, attempting to contact her father, hoping the drawings will eventually make their way to his prison camp. It is a long and harrowing journey, spanning years, covering 6,500 miles. Many lives were lost, but it was their incredible strength, love, and hope that allowed Lina and her brother to endure and ultimately survive. | |
| 520 | _aIn 1941, fifteen-year-old Lina, her mother, and brother are pulled from their Lithuanian home by Soviet guards and sent to Siberia, where her father is sentenced to death in a prison camp while she fights for her life, vowing to honor her family and the thousands like hers by burying her story in a jar on Lithuanian soil. Based on the author's family, includes a historical note. | ||
| 521 | 8 |
_a490 _bLexile. |
|
| 521 | 1 | _a012-up. | |
| 650 | 0 |
_aLabor camps _vFiction. |
|
| 651 | 0 |
_aLithuania _xHistory _ySoviet occupation, 1940-1941 _vJuvenile fiction. |
|
| 655 | 7 |
_aYoung adult works. _2fast _0(OCoLC)fst01726790 |
|
| 655 | 7 |
_aFiction. _2fast _0(OCoLC)fst01423787 |
|
| 655 | 7 |
_aHistory. _2fast _0(OCoLC)fst01411628 |
|
| 655 | 7 |
_aJuvenile works. _2fast _0(OCoLC)fst01411637 |
|
| 655 | 7 |
_aHistorical fiction. _2gsafd |
|
| 655 | 7 |
_aYoung adult fiction. _2lcgft |
|
| 001 | data | ||
| 999 |
_c283 _d283 |
||